[Event "Adelaide Interclub-A"]
[Site "Adelaide"]
[Date "2002.05.28"]
[Round "4.4"]
[White "Foggo, Grant"]
[Black "Harrison, John H"]
[Result "1-0"]
[WhiteElo "1441"]
[BlackElo "1385"]
[PlyCount "45"]
[EventDate "2002.05.07"]
[EventType "team-tourn"]
[EventRounds "9"]
[EventCountry "AUS"]
[SourceTitle "EXT 2023"]
[Source "ChessBase"]
[SourceDate "2022.10.05"]
[SourceVersion "1"]
[SourceVersionDate "2022.10.05"]
[SourceQuality "1"]

1. e4 d5 2. exd5 Qxd5 3. Nf3 Bg4 4. Be2 e5 5. Nc3 Qa5 6. 0-0 c6 7. Nxe5 Bxe2 8. Qxe2 Be7 9. d3 Nf6 10. Nc4 Qc7 11. Re1 Nbd7 12. Bf4 Qd8 13. Bc7 0-0 14. Bxd8 Bxd8 15. Ne4 Bc7 16. Nxf6+ Nxf6 17. Qf3 Rad8 18. Nd2 Rd7 19. Ne4 Nd5 20. a3 b6 21. c4 Nf4 22. Nf6+ gxf6 23. Qg4+ 1-0